| 000 | 00567nam a22001697a 4500 | ||
|---|---|---|---|
| 003 | OSt | ||
| 005 | 20171010095433.0 | ||
| 008 | 120508t xxu||||| |||| 00| 0 eng d | ||
| 040 |
_aMMSU _cULS |
||
| 100 |
_aDela Cruz, Rosechelle Q. _99209 |
||
| 245 |
_aA Sociological study on jueteng: the case of Gamponia _cRosechelle Q. Dela Cruz |
||
| 260 | _c2009 | ||
| 300 |
_axii, [78] leaves _c28 cm. |
||
| 500 | _aThesis (AB Sociology) -- Mariano Marcos State University-College of Arts and Sciences, Batac City | ||
| 504 | _aBibliography: leaf 67 | ||
| 942 |
_2ddc _cTHEDIS |
||
| 999 |
_c9508 _d9508 |
||